000 00538nam a2200181Ia 4500
003 GCL
008 140319s9999 xx 000 0 ara d
040 _aGCL /
_cGCL
082 0 4 _a509
_bع ت
100 1 _aعمر فروخ (ترجمة)
245 1 0 _aتاريخ العلوم عند العرب /
_cعمر فروخ (ترجمة)
700 1 _aعمر فروج
490 _aكتاب
_v0
650 0 4 _aالاسلام والعلم
650 0 4 _aالعلوم عند العرب
650 0 4 _aالعلماء المسلمون
942 _2ddc
_cBK
999 _c43277
_d43277